[Event "EU-chT Seniors 09th"]
[Site "Dresden"]
[Date "2007.02.24"]
[Round "9"]
[White "Coll, Enriques Lluis"]
[Black "Weinwurm, Wolfgang"]
[Result "1/2-1/2"]
[WhiteElo "2197"]
[BlackElo "2129"]
[PlyCount "98"]
[EventDate "2007.02.16"]
[EventType "team-swiss"]
[EventRounds "9"]
[EventCountry "GER"]
[SourceTitle "CBM 117 Extra"]
[Source "ChessBase"]
[SourceDate "2007.05.09"]
[SourceVersion "1"]
[SourceVersionDate "2007.05.09"]
[SourceQuality "1"]

1. e4 e5 2. d4 exd4 3. Qxd4 Nc6 4. Qe3 Nf6 5. Bc4 Bb4+ 6. c3 Ne5 7. Be2 Ba5 8. Qg5 d6 9. f4 h6 10. Qg3 Ng6 11. f5 Ne5 12. Nd2 Bb6 13. b3 Bd7 14. Ba3 Bc6 15. 0-0-0 0-0 16. Ngf3 Re8 17. Bb2 Bxe4 18. Nxe5 Rxe5 19. c4 Re8 20. Nxe4 Rxe4 21. Bf3 Re3 22. Rhe1 Qe7 23. Kc2 Re8 24. Rxe3 Bxe3 25. Re1 Qd7 26. Be4 Bg5 27. Bd3 Nh5 28. Rxe8+ Qxe8 29. Qf3 Qe1 30. Qe2 Qxe2+ 31. Bxe2 Nf6 32. Bf3 c6 33. Bd4 a6 34. g3 Nd7 35. a4 Bf6 36. Bf2 Kf8 37. a5 Ne5 38. Be4 Ke7 39. h3 g6 40. fxg6 fxg6 41. g4 Ke6 42. Bg3 Bg7 43. Bf4 g5 44. Bf5+ Ke7 45. Be3 Nd7 46. b4 Ne5 47. Kb3 Nd7 48. Bg1 Be5 49. Bd3 Nf6 1/2-1/2

[Event "EU-chT Seniors 09th"]
[Site "Dresden"]
[Date "2007.02.22"]
[Round "7"]
[White "Coll, Enriques Lluis"]
[Black "Karasev, Vladimir I"]
[Result "0-1"]
[WhiteElo "2197"]
[BlackElo "2378"]
[PlyCount "116"]
[EventDate "2007.02.16"]
[EventType "team-swiss"]
[EventRounds "9"]
[EventCountry "GER"]
[SourceTitle "CBM 117 Extra"]
[Source "ChessBase"]
[SourceDate "2007.05.09"]
[SourceVersion "1"]
[SourceVersionDate "2007.05.09"]
[SourceQuality "1"]

1. e4 c5 2. Nc3 e6 3. e5 Nc6 4. f4 d6 5. Nf3 dxe5 6. fxe5 Nge7 7. Bb5 a6 8. Bxc6+ Nxc6 9. 0-0 Nxe5 10. Nxe5 Qd4+ 11. Kh1 Qxe5 12. Qf3 Bd6 13. g3 Bd7 14. d4 cxd4 15. Qxf7+ Kd8 16. Bf4 Qc5 17. Bxd6 Qxd6 18. Ne4 Bc6 19. Rae1 Qe5 20. Kg1 Re8 21. b4 Qc7 22. Nc5 Qxf7 23. Rxf7 e5 24. Nxb7+ Bxb7 25. Rxb7 Rc8 26. Re2 Re7 27. Rb6 Rc4 28. a3 a5 29. bxa5 Kc7 30. Rb4 Rxb4 31. axb4 Kc6 32. Re1 Kb5 33. Rb1 Rc7 34. Rb2 Rf7 35. Ra2 Rf6 36. Ra1 e4 37. Rf1 Rc6 38. Rf4 Re6 39. Kf1 Kxb4 40. Ke2 Kc3 41. Kd1 e3 42. h4 Re5 43. Rf7 e2+ 44. Ke1 Kxc2 45. a6 Kd3 46. Rf3+ Re3 47. Rf2 Rxg3 48. Rxe2 Rg1+ 49. Kf2 Ra1 50. Re6 Ra2+ 51. Ke1 g6 52. Rd6 Ke3 53. Re6+ Kf4 54. Kd1 Kg4 55. Re4+ Kh5 56. Rxd4 Rxa6 57. Ke2 Ra3 58. Rd7 h6 0-1

[Event "EU-chT Seniors 09th"]
[Site "Dresden"]
[Date "2007.02.18"]
[Round "3"]
[White "Coll, Enriques Lluis"]
[Black "Bakhmatov, Eduard"]
[Result "1/2-1/2"]
[WhiteElo "2197"]
[BlackElo "2335"]
[PlyCount "144"]
[EventDate "2007.02.16"]
[EventType "team-swiss"]
[EventRounds "9"]
[EventCountry "GER"]
[SourceTitle "CBM 117 Extra"]
[Source "ChessBase"]
[SourceDate "2007.05.09"]
[SourceVersion "1"]
[SourceVersionDate "2007.05.09"]
[SourceQuality "1"]

1. e4 g6 2. d4 Bg7 3. Nc3 c6 4. Be3 d6 5. Qd2 b5 6. a3 Nd7 7. Bd3 a6 8. f3 c5 9. dxc5 Nxc5 10. Rd1 Nxd3+ 11. cxd3 Be6 12. Nge2 Rc8 13. 0-0 Nf6 14. Nd4 Bd7 15. Kh1 0-0 16. Bh6 Qb6 17. Be3 Qb8 18. g4 e5 19. Nc2 Be6 20. g5 Nd7 21. Nb4 a5 22. Nbd5 b4 23. Ne7+ Kh8 24. Ncd5 Bxd5 25. Nxd5 bxa3 26. bxa3 Qb3 27. Rb1 Qa4 28. Qd1 Qxa3 29. Ra1 Qb2 30. Rf2 Qb7 31. Rxa5 f6 32. h4 fxg5 33. hxg5 Ra8 34. Rxa8 Rxa8 35. Rc2 Nf8 36. Rc7 Qb2 37. Qc2 Qxc2 38. Rxc2 Ra3 39. Rc6 Rxd3 40. Rxd6 Rb3 41. Rd8 Rb7 42. Bc5 Rf7 43. Kg2 h6 44. gxh6 Bxh6 45. Bxf8 Rxf8 46. Rd6 Kh7 47. Rd7+ Bg7 48. Kg3 Kh6 49. Ne3 Bf6 50. Ng4+ Kg5 51. Rd5 Bg7 52. Nxe5 Bxe5+ 53. Rxe5+ Kf6 54. Ra5 Rb8 55. Ra6+ Kf7 56. Kg4 Rb5 57. Rd6 Ra5 58. Rd5 Ra3 59. Rb5 Rc3 60. Rb7+ Ke6 61. Rb6+ Kf7 62. e5 Rc1 63. Rf6+ Kg7 64. Kf4 Rc5 65. Ke4 Ra5 66. f4 Ra4+ 67. Ke3 Ra5 68. Rd6 Kf7 69. Rd7+ Ke6 70. Rd6+ Kf7 71. Rd7+ Ke6 72. Rd6+ Kf7 1/2-1/2

[Event "Calvia Seniors op"]
[Site "Calvia"]
[Date "2006.10.26"]
[Round "7"]
[White "Bellon Lopez, Juan Manuel"]
[Black "Coll, Enriques Lluis"]
[Result "1-0"]
[WhiteElo "2438"]
[BlackElo "2194"]
[PlyCount "75"]
[EventDate "2006.10.20"]
[EventType "swiss"]
[EventRounds "9"]
[EventCountry "ESP"]
[SourceTitle "EXT 2007"]
[Source "ChessBase"]
[SourceDate "2006.11.23"]
[SourceVersion "1"]
[SourceVersionDate "2006.11.23"]
[SourceQuality "1"]

1. d4 d5 2. Bg5 Bf5 3. c4 Bxb1 4. Rxb1 dxc4 5. e4 h6 6. Be3 Nf6 7. f3 e6 8. Bxc4 Bb4+ 9. Kf2 0-0 10. Qb3 Ba5 11. Ne2 Bb6 12. Rbd1 Nc6 13. Bb5 Ne7 14. h4 a6 15. Bd3 Nc6 16. Bb1 Qe7 17. g4 e5 18. d5 Na5 19. Qc3 Bxe3+ 20. Kxe3 b6 21. Rc1 Rac8 22. Bd3 c5 23. Bxa6 Ra8 24. Bb5 c4 25. Qa3 Qc7 26. Qb4 Rfd8 27. Bxc4 b5 28. Bd3 Qb6+ 29. Qc5 Qxc5+ 30. Rxc5 Nb7 31. Rxb5 Nd6 32. Rb6 Rxa2 33. Rc1 h5 34. Rcc6 Nde8 35. g5 Nd7 36. Rb7 Nb8 37. g6 Nxc6 38. gxf7+ 1-0

[Event "EU-chT Seniors 08th"]
[Site "Dresden"]
[Date "2006.02.20"]
[Round "4"]
[White "Coll, Enriques Lluis"]
[Black "Kanko, Ilkka"]
[Result "0-1"]
[WhiteElo "2171"]
[BlackElo "2227"]
[PlyCount "77"]
[EventDate "2006.02.17"]
[EventType "team-swiss"]
[EventRounds "8"]
[EventCountry "GER"]
[SourceTitle "CBM 111 Extra"]
[Source "ChessBase"]
[SourceDate "2006.05.09"]
[SourceVersion "1"]
[SourceVersionDate "2006.05.09"]
[SourceQuality "1"]
[WhiteTeam "Catalunya"]
[BlackTeam "Finland"]
[WhiteTeamCountry "ESP"]
[BlackTeamCountry "FIN"]

1. e4 c5 2. Nc3 a6 3. g3 Nc6 4. Bg2 g6 5. d3 Bg7 6. Be3 d6 7. h3 Rb8 8. Qd2 b5 9. f4 b4 10. Nd1 e5 11. Ne2 Nge7 12. 0-0 Nd4 13. c3 bxc3 14. bxc3 Nxe2+ 15. Qxe2 0-0 16. fxe5 Bxe5 17. Bh6 Bg7 18. Bxg7 Kxg7 19. Ne3 Qa5 20. Rac1 Be6 21. Rc2 f6 22. d4 cxd4 23. cxd4 Rfc8 24. Qf3 Ng8 25. Rcf2 Rc3 26. Qf4 Qc7 27. g4 Qb6 28. Rd1 Rbc8 29. g5 fxg5 30. Qxg5 Qd8 31. Qf4 Qe7 32. Rdf1 Nh6 33. e5 Nf7 34. exd6 Qg5 35. d7 Rd8 36. d5 Qxf4 37. Rxf4 Rxe3 38. dxe6 Ng5 39. Rf7+ 0-1

[Event "Barcelona op"]
[Site "Barcelona"]
[Date "2003.12.22"]
[Round "3"]
[White "Coll, Enriques Lluis"]
[Black "Gomila Pons, Alvaro"]
[Result "1-0"]
[WhiteElo "2199"]
[BlackElo "2160"]
[PlyCount "50"]
[EventDate "2003.12.20"]
[EventType "swiss"]
[EventRounds "9"]
[EventCountry "ESP"]
[SourceTitle "EXT 2005"]
[Source "ChessBase"]
[SourceDate "2004.11.15"]
[SourceVersion "1"]
[SourceVersionDate "2004.11.15"]
[SourceQuality "1"]

1. e4 c5 2. Nc3 Nc6 3. g3 g6 4. Bg2 Bg7 5. d3 d6 6. h3 e6 7. Nge2 Nge7 8. g4 Qd7 9. Be3 b6 10. Qd2 Bb7 11. 0-0-0 Nd4 12. Ng3 f5 13. gxf5 Ndxf5 14. exf5 Bxg2 15. fxe6 Qxe6 16. Rhg1 Bf3 17. Bg5 Bf6 18. Rde1 Bxg5 19. Qxg5 Qf7 20. Nge4 0-0-0 21. Nxd6+ Rxd6 22. Rxe7 Qf6 23. Qe3 h6 24. Re1 Rf8 25. Rxa7 Kb8 1-0

[Event "Barcelona op"]
[Site "Barcelona"]
[Date "2003.12.20"]
[Round "1"]
[White "Coll, Enriques Lluis"]
[Black "Grau Brumos, Isidre"]
[Result "1-0"]
[WhiteElo "2199"]
[BlackElo "2143"]
[PlyCount "137"]
[EventDate "2003.12.20"]
[EventType "swiss"]
[EventRounds "9"]
[EventCountry "ESP"]
[SourceTitle "EXT 2005"]
[Source "ChessBase"]
[SourceDate "2004.11.15"]
[SourceVersion "1"]
[SourceVersionDate "2004.11.15"]
[SourceQuality "1"]

1. e4 e5 2. Nc3 Nf6 3. Bc4 Nxe4 4. Qh5 Nd6 5. Qxe5+ Qe7 6. Qxe7+ Bxe7 7. Bb3 0-0 8. Nf3 c6 9. 0-0 Nf5 10. Re1 Bd8 11. d4 d5 12. Bf4 Be6 13. Ne2 Nd7 14. Ng5 Re8 15. Nxe6 Rxe6 16. c3 Bf6 17. Bc2 Nh4 18. Bg3 Rae8 19. Bd3 g6 20. Kf1 a6 21. a4 Nb6 22. b3 Nc8 23. Red1 Nd6 24. Nf4 R6e7 25. Nxd5 cxd5 26. Bxd6 Re6 27. Bc5 Nf5 28. a5 Be7 29. b4 Nd6 30. Re1 Bf8 31. Rxe6 fxe6 32. Re1 Nb5 33. Bxb5 axb5 34. Ke2 Kf7 35. Kd3 Rd8 36. Re3 Bd6 37. Rh3 Kg7 38. Rf3 Rd7 39. h4 h5 40. Bxd6 Rxd6 41. Rg3 Rc6 42. Rg5 Rc8 43. Re5 Kf6 44. f3 Rh8 45. Ke2 Rc8 46. Re3 Kf5 47. g3 Rc6 48. Kf2 Rc8 49. Kg2 Kf6 50. Kh3 Ke7 51. g4 Rf8 52. Kg3 Rf7 53. Re5 Rh7 54. gxh5 Rxh5 55. Kg4 Rh8 56. h5 gxh5+ 57. Rxh5 Rxh5 58. Kxh5 Kf6 59. Kh6 Kf5 60. Kg7 e5 61. dxe5 Kxe5 62. Kf7 d4 63. cxd4+ Kxd4 64. Ke6 Kc4 65. f4 Kxb4 66. f5 Kc3 67. f6 b4 68. f7 b3 69. f8Q 1-0